=LDR 00000nam 2200000 4500 =001 INLIS000000000014835 =005 20130612110120 =008 ***********************************Ind** =035 ##$$0010-061300000014835 =041 ##$$a Ind =082 ##$$a 428 =090 ##$$a 428, Den e =100 ##$$a Denny, Mahludin T =245 ##$$a English for office, Mahludin T. Denny =260 ##$$a 2004 $b Jakarta =300 ##$$a iv, 135 hlm, Ilus, 18 cm =650 ##$$a Percakapan =850 ##$$a NBPNMAT